[Event "King's Tournament"]
[Site "Bazna ROM"]
[Date "2007.06.26"]
[Round "11"]
[White "Timman,J"]
[Black "Sokolov,And1"]
[Result "1/2-1/2"]
[WhiteElo "2545"]
[BlackElo "2584"]

1.e4 c5 2.Nf3 e6 3.d4 cxd4 4.Nxd4 Nc6 5.Nc3 d6 6.Be3 Nf6 7.f4 e5 8.Nf3 Ng4
9.Qd2 Nxe3 10.Qxe3 exf4 11.Qxf4 Be7 12.O-O-O O-O 13.Kb1 Be6 14.Nd5 Re8 15.h4 Rc8
16.g4 Bf6 17.Nxf6+ Qxf6 18.Qxf6 gxf6 19.Rg1 Nb4 20.a3 Nxc2 21.Bb5 Red8 22.Rd3 d5
23.Rgd1 d4 24.R1d2 a6 25.Bxa6 Nxa3+ 26.Rxa3 bxa6 27.Nxd4 Bxg4 28.Rxa6 h5
29.Rxf6 Rc4 30.Nf3 Rdc8 31.b3 Rxe4 32.Kb2 Bxf3 33.Rxf3 Rxh4 34.Rd7 Rh2+ 35.Ka3 Ra8+
36.Kb4 Rb8+ 37.Ka3 Ra8+ 38.Kb4 Rb8+  1/2-1/2

[Event "Masters"]
[Site "Grenoble FRA"]
[Date "2007.06.26"]
[Round "7"]
[White "Di Paolo,R"]
[Black "Olivier,JC"]
[Result "1-0"]
[WhiteElo "2341"]
[BlackElo "2363"]

1.e4 c5 2.Nf3 Nc6 3.d4 cxd4 4.Nxd4 e6 5.Nc3 a6 6.Be2 Nge7 7.f4 Nxd4 8.Qxd4 Nc6
9.Qf2 b5 10.Be3 Bb7 11.O-O Be7 12.Rad1 O-O 13.a4 b4 14.Nb1 a5 15.Nd2 d6 16.Nc4 Qc7
17.b3 Ba6 18.Rd2 Bxc4 19.Bxc4 Rab8 20.Qg3 Bf6 21.e5 dxe5 22.f5 Qe7 23.fxe6 fxe6
24.Qh3 Nd4 25.Bxd4 exd4 26.Re2 Kh8 27.Rxe6 Qc5 28.Bd3 h6 29.Rexf6 Rxf6 30.Rxf6  1-0

[Event "Narciso Yepes Mem"]
[Site "Lorca ESP"]
[Date "2007.06.26"]
[Round "3"]
[White "Sanchez Jerez,E"]
[Black "Cucarella Montell,A"]
[Result "1-0"]
[WhiteElo "2174"]
[BlackElo "1922"]

1.e4 c5 2.Nc3 e6 3.Nge2 Nc6 4.d4 cxd4 5.Nxd4 Qc7 6.Be2 a6 7.O-O Nf6 8.Be3 Bb4
9.Na4 Be7 10.c4 Nxe4 11.c5 O-O 12.Nb6 Rb8 13.Nxc6 bxc6 14.Qc2 Nf6 15.Nc4 e5
16.Bg5 Bxc5 17.Bxf6 gxf6 18.Ne3 Qb6 19.Nc4 Qa7 20.Nd6 Bxd6 21.Qf5 Rb4 22.Qxf6 Bc7
23.Qg5+ Kh8 24.Qe7 Rg8 25.Qxb4 c5 26.Qh4 Bb7 27.Qf6+ Rg7 28.g3 Kg8 29.Qe7 Qa8
30.Qxd7 Bb6 31.Qd6 Rg6 32.Qxe5 Bh1 33.f3 Re6 34.Qg5+ Rg6 35.Qf4  1-0

[Event "Narciso Yepes Mem"]
[Site "Lorca ESP"]
[Date "2007.06.26"]
[Round "3"]
[White "Vega Gutierrez,S"]
[Black "Hernandez Funes,R"]
[Result "1-0"]
[WhiteElo "2335"]
[BlackElo "2121"]

1.e4 c5 2.Nf3 e6 3.d4 cxd4 4.Nxd4 Nc6 5.Nc3 a6 6.Be2 Qc7 7.O-O Nf6 8.Be3 Bb4
9.Na4 Be7 10.Nxc6 bxc6 11.Nb6 Rb8 12.Nxc8 Qxc8 13.e5 Nd5 14.Bc1 Bc5 15.Qd3 O-O
16.Kh1 Qc7 17.c4 Ne7 18.f4 f6 19.exf6 Rxf6 20.b3 a5 21.g3 Rf7 22.Bb2 Nf5
23.Be5 d6 24.Bc3 Qb6 25.Bg4 Re8 26.Rfe1 g6 27.Bxf5 gxf5 28.Re2 Bb4 29.Bd4 Bc5
30.Bb2 Qc7 31.Rae1 Qc8 32.Qc3 Kf8 33.Qh8+ Ke7 34.Rxe6+  1-0

[Event "Narciso Yepes Mem"]
[Site "Lorca ESP"]
[Date "2007.06.26"]
[Round "4"]
[White "Munoz Navarro,A"]
[Black "Cucarella Montell,A"]
[Result "1-0"]
[WhiteElo "2156"]
[BlackElo "1922"]

1.e4 c5 2.Nf3 e6 3.d4 cxd4 4.Nxd4 Nc6 5.Nc3 Qc7 6.g3 a6 7.Bg2 Nf6 8.O-O d6
9.Re1 Bd7 10.Nb3 Be7 11.f4 h5 12.h3 h4 13.g4 g5 14.Nd5 exd5 15.exd5 Na5 16.Qd4 Nxb3
17.cxb3 Rg8 18.Qxf6 Bb5 19.Bd2 Kf8 20.Qh6+ Ke8 21.Bc3 Kd7 22.Rxe7+ Kxe7 23.Qf6+ Kf8
24.Re1  1-0

[Event "Open"]
[Site "Pula CRO"]
[Date "2007.06.26"]
[Round "4"]
[White "Petr,Ma"]
[Black "Szamoskozi,G"]
[Result "1/2-1/2"]
[WhiteElo "2443"]
[BlackElo "2266"]

1.e4 c5 2.Nf3 Nc6 3.Nc3 e6 4.d4 cxd4 5.Nxd4 Nf6 6.Nxc6 bxc6 7.e5 Nd5 8.Ne4 f5
9.exf6 Nxf6 10.Nd6+ Bxd6 11.Qxd6 Qb6 12.Bd3 c5 13.Bf4 Bb7 14.O-O Qxd6 15.Bxd6 Rc8
16.c4 Rc6 17.Be5 O-O 18.Rad1 d6 19.Bxd6 Rxd6 20.Bxh7+ Kxh7 21.Rxd6 Re8 22.f4 Re7
23.h3 Kg6 24.g4 Ne4 25.Rd3 Kf6 26.h4 g6 27.Kh2 Rh7 28.Kh3 e5 29.g5+ Kf5 30.fxe5+ Kxe5
31.Rf8 Bc8+ 32.Kg2 Bf5 33.Re8+ Kf4 34.Rf3+ Kg4 35.Re3 Kf4 36.Rf3+ Kg4 37.Re3 Kf4  1/2-1/2

[Event "Open"]
[Site "Pula CRO"]
[Date "2007.06.26"]
[Round "5"]
[White "Stojanovski,D"]
[Black "Jovanic,O"]
[Result "1/2-1/2"]
[WhiteElo "2394"]
[BlackElo "2488"]

1.e4 c5 2.Nf3 e6 3.Nc3 Nc6 4.d4 cxd4 5.Nxd4 Qc7 6.Nb3 a6 7.Bd3 Nf6 8.O-O Be7
9.f4 d6 10.Qf3 Nd7 11.Bd2 b5 12.Rae1 O-O 13.Nd5 Qd8 14.Na5 Nxa5 15.Bxa5 Qxa5
16.Nxe7+ Kh8 17.e5 g6 18.exd6 Qb6+ 19.Qf2 Qxd6 20.Be4 Rb8 21.Nc6 Rb6 22.Ne5 Qc7
23.Nxd7 Bxd7 24.Qd4+ Kg8 25.Rd1 Bc6 26.Qc5 Rc8 27.Rd6 Bxe4 28.Qxc7 Rxc7 29.Rxb6 Rxc2
30.Rf2 Rc1+ 31.Rf1 Rc2  1/2-1/2

[Event "Open"]
[Site "Pula CRO"]
[Date "2007.06.26"]
[Round "5"]
[White "Antal,Ge"]
[Black "Cherin,D"]
[Result "1-0"]
[WhiteElo "2448"]
[BlackElo "2266"]

1.e4 c5 2.Nf3 e6 3.d4 cxd4 4.Nxd4 Nc6 5.Nc3 Qc7 6.Be2 a6 7.O-O Nf6 8.Be3 Be7
9.f4 d6 10.Kh1 O-O 11.a4 Re8 12.Bf3 Bf8 13.Qd2 Nxd4 14.Bxd4 Nd7 15.Qf2 b6
16.e5 Bb7 17.exd6 Bxd6 18.Bxb7 Qxb7 19.Bxg7 f6 20.Bh6 Kh8 21.Rad1 Be7 22.Rfe1 Qc6
23.Ne2 Bc5 24.Nd4 Qxa4 25.b3 Qb4 26.Qe3 Bf8 27.Qh3 Bxh6 28.Qxh6 Qf8 29.Qh3 e5
30.Ne6 Qe7 31.Nc7 Nf8 32.Nxa8 Rxa8 33.fxe5 fxe5 34.Rd5 Re8 35.Red1 Qf6 36.Qf3 Qg5
37.Qf7 Rc8 38.h3 Qh6 39.Rd8  1-0

[Event "Narciso Yepes Mem"]
[Site "Lorca ESP"]
[Date "2007.06.27"]
[Round "6"]
[White "Tello Nunez,A"]
[Black "Plaskett,J"]
[Result "0-1"]
[WhiteElo "2204"]
[BlackElo "2499"]

1.e4 c5 2.Nf3 e6 3.d4 cxd4 4.Nxd4 Nc6 5.Nc3 Qc7 6.g3 d6 7.Bg2 a6 8.O-O Bd7
9.Nb3 Nf6 10.Qe2 Be7 11.a4 b6 12.Be3 O-O 13.g4 Bc8 14.g5 Nd7 15.f4 Re8 16.Rf3 Bb7
17.Rh3 g6 18.Qg4 Bf8 19.Qh4 h6 20.gxh6 Nb4 21.h7+ Kh8 22.Qf2 Bg7 23.Rd1 Rad8
24.Nd4 e5 25.Nf3 exf4 26.Bxf4 Nf6 27.Ng5 Re7 28.e5 Ng4 29.exd6 Nxf2 30.dxc7 Nxh3+
31.Nxh3 Rxd1+ 32.Nxd1 Bc8 33.Bd6 Re1+ 34.Kf2 Nxc2 35.Nc3 Bd4+ 36.Kg3 Re3+
37.Kf4 Bxc3 38.bxc3 f6 39.Ng5 fxg5+ 40.Kxg5 Kxh7 41.Bf4 Re8 42.Bc6 Re7 43.Bf3 Ne1
44.Bd5 Nd3 45.Bg3 Kg7 46.Bc4 Ne5  0-1

[Event "XXV Andorra Open"]
[Site "Andorra la Vella AND"]
[Date "2007.06.30"]
[Round "1"]
[White "Van Splunter,N"]
[Black "De la Riva Aguado,O"]
[Result "0-1"]
[WhiteElo "1971"]
[BlackElo "2525"]

1.e4 c5 2.Nf3 Nc6 3.d4 cxd4 4.Nxd4 e6 5.Nc3 Qc7 6.Be3 Nf6 7.Be2 a6 8.a3 b5
9.Nxc6 dxc6 10.f4 Bb7 11.O-O c5 12.e5 Nd7 13.Bf3 O-O-O 14.Bxb7+ Qxb7 15.Qf3 f5
16.Ne2 Nb6 17.b4 Nc4 18.Qf2 cxb4 19.axb4 Bxb4 20.Bc5 Bxc5 21.Qxc5+ Kb8 22.Rfd1 Rc8
23.Qf2 Rhd8 24.Nd4 Qb6 25.c3 Rd5 26.Kh1 g5 27.g3 gxf4 28.gxf4 Qb7 29.Qf3 Nb6
30.Kg2 Na4 31.Rac1 Nxc3 32.Rd2 b4 33.Rcc2 Rcd8  0-1

[Event "King's Gambit A"]
[Site "Lipetsk RUS"]
[Date "2007.06.30"]
[Round "12"]
[White "Kupreichik,V"]
[Black "Zontakh,A"]
[Result "0-1"]
[WhiteElo "2402"]
[BlackElo "2549"]

1.e4 c5 2.Nc3 Nc6 3.Nf3 e6 4.d4 cxd4 5.Nxd4 d6 6.Be3 Nf6 7.Bc4 a6 8.Qe2 Qc7
9.O-O-O Na5 10.Bd3 b5 11.Bg5 Be7 12.f4 b4 13.Nb1 e5 14.Nf5 Bxf5 15.exf5 b3
16.Nc3 bxa2 17.Kd2 Nc6 18.Bxf6 gxf6 19.Qe4 Rb8 20.Qa4 Rxb2 21.Be4 Kd7 22.Ra1 Qb6
23.Rxa2 Rxa2 24.Qxa2 Qd4+ 25.Bd3 Qxf4+ 26.Kd1 Qg4+ 27.Ke1 Qb4 28.Kd2 Qf4+
29.Kd1 Qg4+ 30.Ke1 Rb8 31.Be4 Nd4 32.Qxa6 Ke8 33.Qd3 d5 34.Bf3 Nxf3+ 35.gxf3 Qg2
36.Rf1 Bb4 37.Rf2 Qg1+ 38.Ke2 Bc5 39.Rf1 Qg2+ 40.Ke1 Bd4 41.Nd1 Qxh2 42.c3 Bb6
43.Qxd5 Rd8 44.Qb5+ Ke7 45.Nf2 Qh6 46.Qb4+ Ke8 47.f4 Bxf2+ 48.Rxf2 Qh1+ 49.Rf1 Qh4+
50.Rf2 Qh1+ 51.Rf1 Qg2 52.Qb5+ Rd7 53.Rf2 Qh1+ 54.Rf1 Qe4+ 55.Qe2 Qb1+ 56.Kf2 Qxf5
57.Kg2 Rd3 58.Rh1 Qg6+ 59.Kf1 Qg3  0-1

[Event "4th Open"]
[Site "Proville FRA"]
[Date "2007.06.30"]
[Round "4"]
[White "Franc,E"]
[Black "Molin,C"]
[Result "1-0"]
[WhiteElo "2097"]
[BlackElo "2111"]

1.e4 c5 2.Nf3 Nc6 3.d4 cxd4 4.Nxd4 e6 5.Nc3 a6 6.Be3 Nf6 7.Nxc6 bxc6 8.e5 Nd5
9.Nxd5 cxd5 10.Bd3 d6 11.f4 Bb7 12.c3 g6 13.O-O dxe5 14.fxe5 Bg7 15.Qa4+ Kf8
16.Qb4+  1-0

[Event "Open"]
[Site "Pula CRO"]
[Date "2007.06.30"]
[Round "9"]
[White "Arnaudov,P"]
[Black "Jovanic,O"]
[Result "1/2-1/2"]
[WhiteElo "2222"]
[BlackElo "2488"]

1.e4 c5 2.Nf3 e6 3.d4 cxd4 4.Nxd4 Nc6 5.Nc3 Qc7 6.Be3 Nf6 7.f4 Bb4 8.Nb5 Qa5
9.e5 Ne4 10.Qd3 Nxc3 11.bxc3 Be7 12.g3 O-O 13.Bg2 f6 14.exf6 Bxf6 15.O-O d5
16.Rab1 Kh8 17.c4 Rd8 18.cxd5 exd5 19.c3 d4 20.Nxd4 Nxd4 21.Bxd4 Qxa2 22.Bxb7 Bxb7
23.Rxb7 a5 24.Qb5 Bxd4+ 25.cxd4 Qd2 26.Qe5 Qxd4+ 27.Qxd4 Rxd4 28.Rc1 a4 29.Ra7 Rdd8
30.Rcc7 a3 31.Rxg7 a2 32.Rxh7+ Kg8  1/2-1/2

[Event "TCh-ESP Honor Gp2"]
[Site "Torrelavega ESP"]
[Date "2007.06.30"]
[Round "4"]
[White "Reinaldo Castineira,R"]
[Black "Rodriguez Guerrero,E"]
[Result "1/2-1/2"]
[WhiteElo "2452"]
[BlackElo "2446"]

1.e4 c5 2.Nf3 e6 3.d4 cxd4 4.Nxd4 Nc6 5.Nc3 Qc7 6.Be3 a6 7.Qd2 Nf6 8.O-O-O Bb4
9.f3 Ne5 10.Nb3 b5 11.Qe1 Be7 12.f4 Ng6 13.e5 Ng4 14.Ne4 O-O 15.Bc5 Bb7 16.Nd6 Bc6
17.Qg3 f5 18.exf6 Nxf6 19.f5 exf5 20.Nxf5 Qxg3 21.Nxe7+ Nxe7 22.hxg3 Rfe8
23.Nd4 Ne4 24.Bd3 Nxc5 25.Bxh7+ Kh8 26.Bg6+ Kg8 27.Bh7+ Kh8 28.b4 Na4 29.Bg6+ Kg8
30.Bh7+ Kh8 31.Bg6+ Kg8 32.Bh7+  1/2-1/2

[Event "94th ch-GBR"]
[Site "Great Yarmouth ENG"]
[Date "2007.07.01"]
[Round "3"]
[White "Storey,Ch"]
[Black "Arakhamia,K"]
[Result "0-1"]
[WhiteElo "2218"]
[BlackElo "2418"]

1.e4 c5 2.Nf3 e6 3.d4 cxd4 4.Nxd4 Nc6 5.Nc3 d6 6.Bc4 Nf6 7.Bb3 Be7 8.Be3 O-O
9.Qe2 Na5 10.f4 Nxb3 11.axb3 e5 12.fxe5 dxe5 13.Nf5 Bb4 14.Bg5 Bxf5 15.exf5 e4
16.O-O Re8 17.Kh1 Bxc3 18.bxc3 Re5 19.Be3 Qd5 20.c4 Qc6 21.b4 a5 22.b5 Qe8
23.Bd4 h5 24.Ra3 Qe7 25.Rg3 a4 26.Qe3 Rd8 27.c3 Ng4 28.Qf4 e3 29.h3 Re4 30.Qf3 Qh4
31.Kg1 Ne5 32.Bxe5 Rxe5 33.f6 e2 34.Re1 Rd1 35.Kh2 Rxe1 36.Rxg7+ Kh8 37.Rxf7 Qe4
38.Rf8+ Kh7 39.Rf7+ Kh6 40.Qg3 Rh1+  0-1

[Event "TCh-ESP Honor Gp2"]
[Site "Torrelavega ESP"]
[Date "2007.07.01"]
[Round "5"]
[White "Rodriguez Guerrero,E"]
[Black "Bernal Moro,L"]
[Result "0-1"]
[WhiteElo "2446"]
[BlackElo "2431"]

1.e4 c5 2.Nf3 e6 3.d4 cxd4 4.Nxd4 Nc6 5.Nc3 Qc7 6.Be2 Nf6 7.O-O Be7 8.Kh1 O-O
9.f4 d6 10.Be3 Nxd4 11.Qxd4 b6 12.Bf3 Bb7 13.Nb5 Qb8 14.c4 a6 15.Nc3 b5 16.e5 Bxf3
17.Rxf3 Ne8 18.cxb5  0-1

[Event "Kotov Mem"]
[Site "Tula RUS"]
[Date "2007.07.01"]
[Round "2"]
[White "Kuzin,A"]
[Black "Yagupov,I"]
[Result "1/2-1/2"]
[WhiteElo "2461"]
[BlackElo "2494"]

1.e4 c5 2.Nf3 e6 3.d4 cxd4 4.Nxd4 Nc6 5.Nc3 Qc7 6.Be3 a6 7.g3 Nf6 8.Bg2 Bb4
9.O-O Bxc3 10.bxc3 Ne5 11.Bf4 d6 12.Nb3 O-O 13.Qd4 b5 14.Rfd1 Ne8  1/2-1/2

[Event "Copa Puma Mercosur"]
[Site "Villa Martelli ARG"]
[Date "2007.07.01"]
[Round "10"]
[White "Lemos,D"]
[Black "Panno,O"]
[Result "1-0"]
[WhiteElo "2456"]
[BlackElo "2457"]

1.e4 c5 2.Nf3 Nc6 3.d4 cxd4 4.Nxd4 e6 5.Nc3 Qc7 6.f4 a6 7.Nxc6 Qxc6 8.Bd3 b5
9.Qe2 Bb7 10.Bd2 Be7 11.a3 Rc8 12.O-O Nf6 13.Kh1 O-O 14.Rae1 d6 15.e5 Nd7
16.exd6 Bxd6 17.Be4 Qc7 18.Qd3 Bxe4 19.Nxe4 Be7 20.Bc3 Rfe8 21.Qg3 g6 22.Qh3 f5
23.Rd1 e5 24.Ng3 Rf8 25.Rfe1 Bf6 26.Ne4 Rce8 27.Nxf6+ Nxf6 28.Bxe5 Qxc2 29.Rc1 Qf2
30.Qb3+ Rf7 31.Red1 Ng4 32.Rd7 Nxe5 33.fxe5 Rf8 34.e6 Rxd7 35.exd7+ Kg7 36.Qb4  1-0

[Event "IM"]
[Site "Antwerp BEL"]
[Date "2007.07.02"]
[Round "3"]
[White "Van Beers,E"]
[Black "Ooms,A"]
[Result "0-1"]
[WhiteElo "2359"]
[BlackElo "2222"]

1.e4 c5 2.Nf3 e6 3.d4 cxd4 4.Nxd4 Nc6 5.Nc3 Qc7 6.Be3 a6 7.Qd2 Nf6 8.O-O-O Bb4
9.f3 Ne5 10.Nb3 b5 11.Qd4 Nc6 12.Qb6 Qxb6 13.Bxb6 Bxc3 14.bxc3 d5 15.Be2 O-O
16.Nc5 Ne5 17.Bc7 Ned7 18.Nb3 dxe4 19.Bd6 Re8 20.fxe4 Bb7 21.e5 Ne4 22.Bf3 Bd5
23.Bxe4 Bxe4 24.Rd2 Rec8 25.Re1 Bg6 26.Bb4 Nb6 27.Na5 h6 28.Rd6 Nd5 29.Nc6 a5
30.Bxa5 Rxc6 31.Rxc6 Rxa5 32.Kb2 Ra8 33.Kb3 Kf8 34.c4 Bxc2+ 35.Kxc2 Nb4+
36.Kb3 Nxc6 37.cxb5 Nd4+ 38.Kc4 Nxb5 39.Kxb5 Rxa2 40.g3 Rxh2 41.Ra1 g5 42.Kc6 Rd2  0-1

[Event "ch-SWE Master Elite"]
[Site "Stockholm SWE"]
[Date "2007.07.02"]
[Round "3"]
[White "Couso,L"]
[Black "Johansson,G1"]
[Result "1/2-1/2"]
[WhiteElo "2282"]
[BlackElo "2272"]

1.e4 c5 2.Nf3 Nc6 3.d4 cxd4 4.Nxd4 e6 5.Nc3 Qc7 6.Be2 a6 7.O-O Nf6 8.Kh1 Nxd4
9.Qxd4 Bc5 10.Qd3 h5 11.Qh3 b5 12.f4 Bb7 13.e5 Ne4 14.Nxe4 Bxe4 15.a4 b4
16.c3 bxc3 17.Qxc3 Qc6 18.Bf3 Bxf3 19.Rxf3 Rb8 20.Bd2 O-O 21.f5 Qd5 22.Be3 Bb4
23.Qd4 Qxd4 24.Bxd4 Rfc8 25.Rd1 Rc2 26.h3 Rbc8 27.f6 Rc1 28.Rxc1 Rxc1+ 29.Kh2 Rd1
30.Bf2 Rd5 31.Bg3 a5 32.fxg7 Kxg7 33.Bh4 d6 34.exd6 Bxd6+ 35.Bg3 Bb4 36.Re3 Kf6
37.Bh4+ Kg7 38.Rg3+ Kf8 39.Rg5 Bd6+ 40.Kg1 Rd1+ 41.Kf2 Rd2+ 42.Kf3 Rxb2 43.Rxa5 Rb3+
44.Kf2 Rb2+  1/2-1/2

[Event "DS"]
[Site "Brno CZE"]
[Date "2007.07.03"]
[Round "5"]
[White "Vymazal,B"]
[Black "Kozak,Mi"]
[Result "1-0"]
[WhiteElo "2284"]
[BlackElo "2228"]

1.e4 c5 2.Nf3 e6 3.d4 cxd4 4.Nxd4 Nc6 5.Nc3 d6 6.Be2 Nf6 7.O-O Be7 8.Be3 O-O
9.f4 a6 10.Bf3 Qc7 11.a4 Re8 12.Kh1 Rb8 13.g4 Bf8 14.g5 Nd7 15.Bg2 g6 16.Qf3 b6
17.Rad1 Bb7 18.Qh3 Nb4 19.Rd2 e5 20.Nf3 exf4 21.Bxf4 Nc5 22.Rd4 Ne6 23.Rxb4 Nxf4
24.Qg3 Nh5 25.Qg4 d5 26.exd5 Bxb4 27.Qxb4 Rbd8 28.Nd2 Re5 29.Nc4 Rxg5 30.Qxb6 Qe7
31.Qe3 Qxe3 32.Nxe3 Kg7 33.a5 Re5 34.Nc4 Ree8 35.Nb6 f5 36.Nca4 Nf6 37.c4 Ne4
38.b4 Nd2 39.Rd1 Re2 40.Nc3 Re3 41.Rxd2 Rxc3 42.h3 f4 43.c5 f3 44.Bf1 Rc1
45.Kg1 g5 46.Kf2 h5 47.Bc4 g4 48.hxg4 hxg4 49.Rd4 Rc2+ 50.Ke3 Re8+ 51.Kd3 Rg2
52.c6 f2 53.Rf4 Rf8 54.Rxf8 Kxf8 55.Ke3 Rg3+ 56.Kxf2 Rf3+  1-0

[Event "13th Open"]
[Site "Chambery FRA"]
[Date "2007.07.03"]
[Round "7"]
[White "Calzetta,M"]
[Black "Wuerdinger,A"]
[Result "1-0"]
[WhiteElo "2278"]
[BlackElo "2151"]

1.e4 c5 2.Nc3 e6 3.Nf3 Nc6 4.d4 cxd4 5.Nxd4 Nf6 6.Ndb5 d6 7.Bf4 e5 8.Bg5 a6
9.Na3 b5 10.Nd5 Be7 11.Bxf6 Bxf6 12.c3 O-O 13.Nc2 Bg5 14.a4 bxa4 15.Rxa4 Bb7
16.h4 Bh6 17.g4 Bf4 18.Qf3 Ne7 19.Bd3 Rb8 20.Ra2 Re8 21.Kf1 Qc8 22.Nxe7+ Rxe7
23.Kg2 h5 24.gxh5 f5 25.Re1 Bd2 26.Re2 Rf7 27.Qh3 d5 28.f3 dxe4 29.fxe4 Qc5
30.Ne3 Bxe3 31.Qxe3 Qc8 32.Kh2 f4 33.Qh3 Qc5 34.b4 Qc7 35.Bxa6 f3 36.Re3 f2
37.Bf1 Rbf8 38.c4 Bc8 39.Qg3 Be6 40.Rc2 Qd6  1-0

[Event "South African Open"]
[Site "Cape Town RSA"]
[Date "2007.07.04"]
[Round "9"]
[White "Rubery,M"]
[Black "Steel,H"]
[Result "1/2-1/2"]
[WhiteElo "2250"]
[BlackElo "2175"]

1.e4 c5 2.Nf3 e6 3.d4 cxd4 4.Nxd4 Nc6 5.Nc3 a6 6.Be2 Qc7 7.f4 d6 8.Be3 Nf6
9.O-O Be7 10.Qe1 O-O 11.Qg3 Bd7 12.e5 Nxd4 13.Bxd4 dxe5 14.fxe5 Bc5 15.Rad1 Ne8
16.Ne4 Bxd4+ 17.Rxd4 Qb6 18.c3 Bc6 19.Nf6+ Kh8 20.Nh5 Rd8 21.Qf2 Rxd4 22.Qxd4 Qxd4+
23.cxd4 Nc7 24.Bf3 Bxf3 25.Rxf3 Nd5 26.Nf4 Nxf4 27.Rxf4 Kg8 28.Rf2 Rc8 29.Rd2  1/2-1/2

[Event "ch-IRL"]
[Site "Dublin IRL"]
[Date "2007.07.04"]
[Round "5"]
[White "Osborne,S"]
[Black "Daly,C"]
[Result "1-0"]
[WhiteElo "1929"]
[BlackElo "2353"]

1.e4 c5 2.Nf3 e6 3.d4 cxd4 4.Nxd4 Nc6 5.Nc3 d6 6.Be3 Nf6 7.Bd3 Be7 8.O-O O-O
9.Kh1 Nxd4 10.Bxd4 e5 11.Be3 Be6 12.Qe2 Ng4 13.Bd2 Bg5 14.f4 Bxf4 15.Bxf4 exf4
16.Rxf4 Ne5 17.Nd5 Bxd5 18.exd5 g6 19.Raf1 f5 20.Qd2 Qe7 21.h3 Rae8 22.Bb5 Rc8
23.Ba4 a6 24.Bb3 b5 25.Qa5 Qa7 26.a4 Rc5 27.axb5 Rxb5 28.Qc3 Rc5 29.Qd4 Rb8
30.Re1 Qg7 31.Ra1 a5 32.Qd2 Qc7 33.Rfa4 Rbb5 34.Re1 Kg7 35.Rh4 h5 36.Qg5 Kh7
37.Qf6 Rb7 38.Rd4 Qe7 39.Qe6 Kg7 40.Red1 Rbc7 41.Kg1 Qg5 42.Qxd6 Nf3+ 43.Kh1 Nxd4
44.Qe5+ Qf6 45.Qxd4 Qxd4 46.Rxd4 Rd7 47.c4 Kf6 48.Ba4 Rd6 49.b3 Ke5 50.Rd1 Rc8
51.Re1+ Kf6 52.h4 f4 53.Kh2 Kf5 54.Re7 Kg4 55.Bd7+ Rxd7 56.Rxd7 Kxh4 57.d6 Rc6
58.Rd8 g5 59.d7 Rd6 60.Kg1 Kg3 61.Kf1 g4 62.c5 Rd1+ 63.Ke2 Rd5 64.c6 Kxg2
65.Rf8 f3+ 66.Ke3 Re5+ 67.Kd4 Re1 68.Kc3 Rd1 69.c7 Rxd7 70.c8=Q Rd1 71.Kc2 Re1
72.Qf5 Re3 73.Kd2 Rxb3 74.Qxh5 g3 75.Rh8 Kf2 76.Qc5+ Kg2 77.Qc1 Rb6 78.Qh1+ Kf2
79.Rh2+ gxh2 80.Qxh2+ Kf1 81.Qh3+ Kf2 82.Qh4+ Kf1 83.Qc4+ Kg2 84.Qg4+ Kh2
85.Qxf3 Rb2+ 86.Kc1 Rg2 87.Kd1 Rg1+ 88.Ke2 Rg2+ 89.Kf1 Rg3 90.Qh5+ Rh3 91.Qe5+ Kh1
92.Qe4+  1-0

[Event "Open A"]
[Site "Klatovy CZE"]
[Date "2007.07.04"]
[Round "5"]
[White "Havlikova,K"]
[Black "Pravdik,K"]
[Result "1-0"]
[WhiteElo "2100"]
[BlackElo "2019"]

1.e4 c5 2.Nf3 e6 3.d4 cxd4 4.Nxd4 Nc6 5.Nc3 Qc7 6.Be3 a6 7.Be2 Nf6 8.O-O d6
9.a4 Be7 10.f4 O-O 11.Rf2 Re8 12.g4 Nxd4 13.Bxd4 e5 14.Be3 exf4 15.Bxf4 Be6
16.g5 Nd7 17.Nd5 Bxd5 18.Qxd5 Qc5 19.Bc4 Qxd5 20.Bxd5 Nc5 21.Be3 Ne6 22.h4 Rab8
23.Raf1 Nd8 24.Bb6 Rf8 25.Kh1 Nc6 26.Rxf7 Kh8 27.Rxf8+ Rxf8 28.Rxf8+ Bxf8
29.Kg2 g6 30.c3 Be7 31.b4 Kg7 32.b5 axb5 33.axb5 Nd8 34.Bd4+ Kf8 35.Kf3  1-0

[Event "4th GM March"]
[Site "Taiyuan CHN"]
[Date "2007.07.04"]
[Round "1"]
[White "Ni Hua"]
[Black "Balogh,C"]
[Result "1/2-1/2"]
[WhiteElo "2681"]
[BlackElo "2567"]

1.e4 c5 2.Nf3 e6 3.d4 cxd4 4.Nxd4 Nc6 5.Nc3 d6 6.Be3 Nf6 7.Be2 Be7 8.Qd2 O-O
9.O-O-O a6 10.f4 Nxd4 11.Bxd4 Nd7 12.Kb1 b5 13.e5 dxe5 14.fxe5 Bb7 15.Bf3 Qc7
16.Qe3 Rac8 17.Rd2 Bc5 18.Bxb7 Qxb7 19.Rhd1 Bb4 20.Rd3 Qc6 21.Qe2 Nc5 22.Rh3 Rfd8
23.a3 Bxc3 24.Rxc3 Qd5 25.Qf3 Ne4 26.Rcd3 Qc6 27.Qe2 h6 28.Be3 Rxd3 29.cxd3 Ng5
30.Rc1 Qb7 31.Rxc8+ Qxc8 32.h4 Nh7 33.Qg4 Qc7 34.Qg3 h5 35.Bd2 Nf8 36.Bc3  1/2-1/2

[Event "DS"]
[Site "Brno CZE"]
[Date "2007.07.05"]
[Round "7"]
[White "Vyskocil,N"]
[Black "Andonov,B"]
[Result "1/2-1/2"]
[WhiteElo "2349"]
[BlackElo "2383"]

1.e4 c5 2.Nc3 e6 3.Nge2 Nc6 4.d4 cxd4 5.Nxd4 Qc7 6.g3 a6 7.Bg2 Nf6 8.O-O h6
9.Be3 Be7 10.Nb3 d6 11.a4 b6 12.Nd4 Ne5 13.h3  1/2-1/2

[Event "Open A"]
[Site "Klatovy CZE"]
[Date "2007.07.05"]
[Round "6"]
[White "Hlavnicka,Ja"]
[Black "Folk,P"]
[Result "0-1"]
[WhiteElo "1996"]
[BlackElo "2256"]

1.e4 c5 2.Nf3 e6 3.d4 cxd4 4.Nxd4 Nc6 5.Nc3 Qc7 6.g3 a6 7.Bg2 Nf6 8.a3 Bc5
9.Nxc6 dxc6 10.Qe2 e5 11.Be3 Bg4 12.Bf3 Bxe3 13.Qxe3 Be6 14.Qg5 O-O 15.O-O b5
16.g4 Rfd8 17.h3 Rd4 18.Rfe1 Rad8 19.Bg2 a5 20.Qe3 Ne8 21.Ne2 R4d7 22.Ng3 f6
23.Bf1 Nd6 24.b3 Nf7 25.Kg2 g6 26.Be2 Rd4 27.Rh1 a4 28.Rac1 Qe7 29.b4 Bc4
30.c3 Rd2 31.Bxc4 bxc4 32.Qb6 Qd7 33.Qa6 Qd3 34.Qxc6 Ng5 35.Rcf1 Qf3+ 36.Kg1 Qf4
37.Qxc4+ Kg7 38.Kg2 Nf3 39.Qc6 Ne1+ 40.Kg1 Qxg3+  0-1

[Event "Open A"]
[Site "Klatovy CZE"]
[Date "2007.07.05"]
[Round "6"]
[White "Herejk,P"]
[Black "Michalek,J"]
[Result "0-1"]
[WhiteElo "2160"]
[BlackElo "2355"]

1.e4 c5 2.Nf3 e6 3.d4 cxd4 4.Nxd4 Nc6 5.Nc3 d6 6.Be3 a6 7.Be2 Nf6 8.O-O Be7
9.Kh1 O-O 10.f4 Bd7 11.g4 Nxd4 12.Bxd4 Bc6 13.Bf3 Rc8 14.f5 Nd7 15.a4 Ne5
16.Bg2 b5 17.axb5 axb5 18.Na2 Ra8 19.Nb4 Rxa1 20.Qxa1 Bb7 21.h3 Bf6 22.Qa7 Qd7
23.Bg1 Ra8 24.Qf2 h6 25.Rd1 Qc7 26.Qe2 Qa5 27.c3 Rd8 28.Bd4 Qa4 29.Rb1 Bg5
30.Bb6 Rc8 31.Be3 Be7 32.Bd4 Bh4 33.Bf2 Bxf2 34.Qxf2 Qb3 35.Re1 Ba8 36.Kh2 Qc4
37.Bf1 Qc5 38.Kg3 Rd8 39.Nd3 Nxd3 40.Bxd3 Bc6 41.fxe6 fxe6 42.Rf1 Qe5+ 43.Qf4 Ra8
44.Qxe5 dxe5 45.Kf3 Ra2 46.Rf2 Kf7 47.Bb1 Ra1 48.Bc2 Ke7 49.Bd3 Rh1 50.Kg2 Re1
51.Kf3 Rc1 52.Rc2 Rd1 53.Ke3 Rh1 54.Be2 Rxh3+ 55.Bf3 Kf6 56.b4 Be8 57.Rf2 Rg3
58.Rg2 Rh3 59.Rf2 Ke7 60.Kd2 h5 61.gxh5 Bxh5 62.Bxh5 Rxh5 63.Rf3 Rg5 64.c4 bxc4
65.Kc3 Rg4 66.Re3 Kd6 67.Kxc4 Kc6 68.Re1 Kb6 69.Re2 Rg1 70.Re3 g5 71.Rf3 Rg4
72.Kd3 Rf4 73.Rh3 Rh4 74.Rf3 Rh6 75.Kc4 g4 76.Rg3 Rg6 77.Kc3 Kb5 78.Kb3 Rg7
79.Kc3 Rg8 80.Kb3 Kc6 81.Kc4 Kd6 82.b5 Ke7 83.Kd3 Kf6 84.Ke3 Kg5 85.Rg1 Rh8
86.Rb1 Rh3+ 87.Kf2 Kf4 88.b6 Rh2+ 89.Kg1 Rh8 90.Rb4 Kf3 91.b7 Rb8 92.Rb1 Kxe4
93.Kf2 Kf4 94.Rb3 e4 95.Rb4 e5 96.Rb3 e3+ 97.Kg2 g3 98.Kf1 Kf3 99.Rb2 e4
100.Rc2 e2+ 101.Rxe2 Rxb7 102.Rf2+ Ke3 103.Re2+ Kd3 104.Re1 Rb2  0-1

[Event "XXX Open"]
[Site "Barbera del Valles ESP"]
[Date "2007.07.06"]
[Round "1"]
[White "Hernandez Funes,R"]
[Black "Jovanic,O"]
[Result "0-1"]
[WhiteElo "2144"]
[BlackElo "2491"]

1.e4 c5 2.Ne2 Nc6 3.d4 cxd4 4.Nxd4 e6 5.Nc3 Qc7 6.Be2 a6 7.O-O Nf6 8.Be3 d6
9.a4 Be7 10.f4 O-O 11.Kh1 Re8 12.Bf3 Bd7 13.Nb3 b6 14.e5 dxe5 15.fxe5 Nxe5
16.Bxa8 Rxa8 17.Bf4 Bd6 18.Qd4 Bc6 19.Rad1 Nd5 20.Bg3 f6 21.Ne4 Be7 22.Ng5 Bb7
23.Qe4 f5 24.Nxe6 fxe4 25.Nxc7 Nxc7 26.Bxe5 Nd5 27.Rfe1 Re8 28.Rxe4 Nc3 29.Bxc3 Bxe4
30.Nd4 Bc5 31.Rd2 Bc6 32.Re2 Rxe2 33.Nxe2 Bxa4 34.Nd4 Kf7 35.h3 Bd7 36.Kh2 a5
37.Kg3 Bc8 38.Kf4 Bb7 39.g4 Bd6+ 40.Ke3 Bc8 41.Nf5 Bf8 42.Be5 Bd7 43.Bd6 Bxf5
44.Bxf8 Bxg4 45.Bd6 Bxh3 46.Bc7 a4 47.Bxb6 Bf5 48.c4 g5 49.Kf3 h5 50.Be3 Kf6
51.Bd4+ Kg6 52.Bc3 Bd3 53.c5 Kf5 54.Kg3 Be4 55.Kh3 Bc6 56.Bd2 Bd7 57.Kg3 h4+
58.Kh3 Bc6 59.Be3 Be8 60.Bd2 Bd7 61.Be1 Kf4+ 62.Kh2 Kf3 63.Kh1 Ke2 64.Bc3 g4
65.Bf6 g3 66.Bxh4 Kf2 67.Bxg3+ Kxg3 68.Kg1 Bb5 69.c6 Bxc6 70.Kf1 Kf3 71.Ke1 Ke3
72.Kd1 Be4 73.Kc1 Kd4 74.b4 Kc3  0-1

[Event "South African Open"]
[Site "Cape Town RSA"]
[Date "2007.07.06"]
[Round "11"]
[White "Wilken,J"]
[Black "Steel,H"]
[Result "0-1"]
[WhiteElo "2072"]
[BlackElo "2175"]

1.e4 c5 2.Nf3 Nc6 3.d4 cxd4 4.Nxd4 e6 5.Nc3 a6 6.g3 Qc7 7.Bg2 Nf6 8.O-O Be7
9.Nb3 O-O 10.f4 d6 11.a4 b6 12.g4 Bb7 13.g5 Nd7 14.Be3 Nb4 15.Rf3 Rfe8 16.Rh3 Nf8
17.a5 b5 18.Bb6 Qd7 19.Qe2 e5 20.Rd1 Qc6 21.Be3 exf4 22.Bxf4 Ne6 23.Bc1 Nxg5
24.Rg3 Ne6 25.e5 d5 26.Nxd5 Nxd5 27.Bxd5 Qc7 28.Bxb7 Qxb7 29.Rf1 Qd5 30.Rd3 Bc5+
31.Nxc5 Qxc5+ 32.Qf2 Qc7 33.Rc3 Qb7 34.Rf3 Re7 35.Be3 Nf8 36.Bc5 Rxe5 37.Bd4 Rg5+
38.Rg3 Rxg3+ 39.Qxg3 Ne6 40.Be3 Rd8 41.h3 b4 42.Qg4 g6 43.Rf2 b3 44.Bd2 Qb5  0-1